000 00277nam a22001097a 4500
100 _aReju, M.J.
245 _aVadakkukizhakkan mekhalaykku oru Indian rubberinam
260 _bRubber, 669(February): 10-13.
_c2022
650 _aRRII 429
700 _aMeenakumari, T.
942 _cJS
999 _c75021
_d75021